Search the Library Catalogue
| 000 -LEADER | |
|---|---|
| fixed length control field | 01272nam a2200181Ia 4500 |
| 008 - FIXED-LENGTH DATA ELEMENTS--GENERAL INFORMATION | |
| fixed length control field | 250807s9999 xx 000 0 und d |
| 020 ## - INTERNATIONAL STANDARD BOOK NUMBER | |
| ISBN | 9781558762091 |
| 082 ## - DEWEY DECIMAL CLASSIFICATION NUMBER | |
| Classification number | 964.02 |
| Item number | SHA |
| 100 ## - MAIN ENTRY--AUTHOR NAME | |
| Personal name | Shatzmiller, Maya |
| 245 #4 - TITLE STATEMENT | |
| Title | The Berbers and the Islamic State |
| Statement of responsibility, etc | Shatzmiller, Maya |
| 260 ## - PUBLICATION, DISTRIBUTION, ETC. (IMPRINT) | |
| Name of publisher | Princeton : Markus Wiener Publishers |
| Year of publication | 2000 |
| 300 ## - PHYSICAL DESCRIPTION | |
| Number of Pages | 230 pages |
| 520 ## - SUMMARY, ETC. | |
| Summary, etc | Especially germane at a time when Arabs and Islam are reflexively equated, Schatzmiller (U. of Western Ontario) studies the Berbers' search for their place in Islamic history since their 8th century conquest. Atypically, the author points out the strengths of this North African Berber-Islamic state--larger than present-day Morocco--in the 13th-15th centuries under the rule of Islamophile Marinid tribes. Encompassing her writings from 1976- 93, she discusses the waqf endowment for the public good institution as an example of acculturation to Islamic norms and the Kitab al-ans-ab history text in terms of Berber identity issues. Appendices provides details on this text and the waqf system. Includes illustrations of texts, artifacts, and mosques. Annotation copyrighted by Book News Inc., Portland, OR |
| 650 ## - SUBJECT ADDED ENTRY--TOPICAL TERM | |
| Topical Term | History |
| 942 ## - ADDED ENTRY ELEMENTS (KOHA) | |
| Koha item type | English Books |
| Withdrawn status | Lost status | Damaged status | Not for loan | Home library | Current library | Shelving location | Date acquired | Full call number | Accession Number | Price effective from | Koha item type |
|---|---|---|---|---|---|---|---|---|---|---|---|
| Anna Centenary Library | Anna Centenary Library | 7TH FLOOR, B WING | 07.08.2025 | 964.02 SHA | 424652 | 07.08.2025 | English Books |